000 00333nam a22001337a 4500
008 170612b xxu||||| |||| 00| 0 eng d
020 _a9781439085264
041 _aeng
080 _29 ED
_a323
100 _a19
101 _aSHP
245 _aUBDERSTANDING POLITICS IDEAS INSTUTION AND ISSUES
_cMAGSTADT.TH.M
942 _2udc
_cBK
999 _c16981
_d16981